000 00598nam a2200145 a 4500
008 120416s0000 ||||||||||||||||| || u
020 _a082132957x
050 _aIBRD(08)DP
100 _aCordukes, Peter A
245 1 0 _aSubmission and evaluation of proposals for private power generation projects in developing countries
_cedited by Peter A. Cordukes
260 _aWashington, D.C.
_bWorld Bank
_c1994
300 _axxi, 96p. : ill.
350 _a0.00
995 _D0.00
_FCBU-MAIN LIBRARY (Kitwe)
_H1
_I0.00
_M1
_UAVAILABLE
_ZInternational Publications
999 _c59026
_d59026